Atatürk'ün CHP program ve tüzükleri (Record no. 10204)

MARC details
000 -BAŞLIK
Sabit Uzunlukta Kontrol Alanı 01097na a2200349 4500
001 - KONTROL NUMARASI
Denetim Alanı 19045
003 - KONTROL NUMARASI IDENTIFIER
Denetim Alanı MIRAKIL
005 - SON İŞLEM TARİHİ VE ZAMANI
Denetim Alanı 20181213155311.0
008 - SABİT-BOY VERİ ELEMANLARI - GENEL BİLGİLER
Sabit Uzunlukta Kontrol Alanı 161207b tu 000 0
020 ## - ULUSLARARASI STANDART KİTAP NUMARASI
Uluslararası Standart Kitap Numarası 9789753435260
035 ## - SİSTEM KONTROL NUMARASI
Sistem Kontrol Numarası 19045
040 ## - KATALOGLAMA KAYNAK
Orijinal Kataloglama Ajansı Milas
Kataloglama Dili tur
Metne Dönüştürmek Ajansı TR-AnCHP
041 ## - DİL KODU
Metin / Ses Parça Veya Ayrı Başlığın Dil Kodu tur
082 ## - DEWEY ONLU SINIFLANDIRMA NUMARASI
Sınıflandırma Numarası CHP 324.2372
Ürün Numarası P36t 2008
090 ## - SINIFLAMA NUMARASI
Sınıflama Numarası CHP 324.2372 P36t 2008
100 ## - ANA GİRİŞ - KİŞİSEL İSİM
Kişisel Ad Perinçek, Doğu
245 ## - BAŞLIK TABLOSU
Başlık Atatürk'ün CHP program ve tüzükleri
Sorumluluk Tablosu, Vb Doğu Perinçek
246 ## - UNVAN FORM VARYING
Başlık Doğru / Kısa Başlığı CHP program ve tüzükleri
260 ## - YAYIN, DAĞITIM, VB
Yayın, Dağıtım, Vb Yeri İstanbul
Yayıncı, Dağıtıcı, Vs Adı Kaynak yYayınları
Yayın, Dağıtım, Vb Tarihi 2008
300 ## - FİZİKSEL TANIM
Kapsam 224 s.
Boyutlar 20 sm
440 ## - SERİSİ TABLOSU / KATMA GİRİŞİ - BAŞLIK
Başlık Kaynak yayınları
Hacim / Ardışık Tanımı 514
490 ## - SERİSİ TABLOSU
Seri Beyanı Kemalist devrim
Hacim / Ardışık Tanımı 6
490 ## - SERİSİ TABLOSU
Seri Beyanı Doğu Perinçek'in eserleri
Hacim / Ardışık Tanımı 35
500 ## - GENEL NOT
Genel Not Kitabın sonunda CHP 1939 Kurultayı için Atatürk'ün el yazısı metin fotokopileri var
504 ## - KAYNAKÇA VB NOT
Kaynakça Vb Notu Dizin var.
600 ## - KONU KATMA GİRİŞ - KURUMSAL ADI
Kişisel Ad Atatürk, Mustafa Kemal
Bir Adıyla İlişkilendirilen Tarihler 1881-1938
610 ## - KONU KATMA GİRİŞ - TOPLANTI ADI
Giriş Elemanı Olarak Kurumsal Ad Veya Yargı Alanı Adı CHP
Genel Alt Bölüm Programlar
Kronolojik Alt Bölüm Tarih
610 ## - KONU KATMA GİRİŞ - TOPLANTI ADI
Giriş Elemanı Olarak Kurumsal Ad Veya Yargı Alanı Adı CHP
Genel Alt Bölüm Tüzükler
Kronolojik Alt Bölüm Tarih
650 ## - KONU KATMA GİRİŞ - TOPİKAL DÖNEM
Topikal Süreli Veya Coğrafi Ad Giriş Elemanı Atatürkçülük
651 ## - KONU KATMA GİRİŞ - COĞRAFİ ADI
Coğrafi İsim Türkiye
Genel Alt Bölümü Siyaset ve yönetim
Kronolojik Alt Bölümü 1919-1960
942 ## - EKLENDİ GİRİŞ ELEMANLARI (KOHA)
Sınıflandırma Veya Raf Düzeni Kaynak
Koha Öğesi Türü Books
999 ## - SİSTEM KONTROL NUMARALARI (KOHA)
Koha Biblionumber 10204
Koha Biblioitemnumber 10204
Holdings
Kalıcı Konum Mevcut Konum Edinme Tarihi Edinim Kaynak Toplam Check-Out'Lar Tam Çağrı Numarası Barkod Tarih Son Görülme İtibaren Geçerli Fiyatlar Koha Öğesi Türü Kopya Sayısı
CHP Kütüphanesi CHP Kütüphanesi 12/07/2016 Bağış   CHP 324.2372 P36t 2008 011034 12/07/2016 12/07/2016 Books  
CHP Kütüphanesi CHP Kütüphanesi 12/07/2016 Bağış   CHP 324.2372 P36t 2008 011035 12/07/2016 12/07/2016 Books k.2